[Event "Adelaide Interclub-A"]
[Site "Adelaide"]
[Date "2009.05.05"]
[Round "1.4"]
[White "Ajith, Chol Solomon"]
[Black "Staak, Eric"]
[Result "1-0"]
[WhiteElo "1639"]
[BlackElo "1488"]
[PlyCount "91"]
[EventDate "2009.05.05"]
[EventType "team-tourn"]
[EventRounds "9"]
[EventCountry "AUS"]
[SourceTitle "EXT 2023"]
[Source "ChessBase"]
[SourceDate "2022.10.05"]
[SourceVersion "1"]
[SourceVersionDate "2022.10.05"]
[SourceQuality "1"]

1. e4 e6 2. Nf3 d5 3. exd5 exd5 4. d4 Bg4 5. Bd3 Bd6 6. Nc3 c6 7. h3 Bh5 8. Qe2+ Ne7 9. g4 Bg6 10. Bxg6 hxg6 11. Bg5 f6 12. Bd2 Nd7 13. 0-0-0 Qc7 14. g5 f5 15. Rde1 0-0-0 16. Ne5 Bxe5 17. dxe5 Nc5 18. Bf4 d4 19. Qc4 dxc3 20. Qxc5 cxb2+ 21. Kb1 Rd5 22. Qxa7 Ra5 23. Qe3 Nd5 24. Qd4 Rh4 25. e6 Rxf4 26. e7 Nxe7 27. Qxg7 Re4 28. f3 Rxa2 29. fxe4 Ra1+ 30. Kxb2 Rxe1 31. Rxe1 Qb6+ 32. Kc1 Qb4 33. Qh8+ Kc7 34. Qe5+ Kc8 35. exf5 Nxf5 36. Re4 Qa3+ 37. Qb2 Qxh3 38. Re8+ Kd7 39. Re1 Qg3 40. Qxb7+ Kd8 41. Rd1+ Ke8 42. Qxc6+ Kf7 43. Rd7+ Ne7 44. Qf6+ Kg8 45. Rd8+ Kh7 46. Rh8# 1-0